| 000 | 00400 a2200133 4500 | ||
|---|---|---|---|
| 001 | 87831 | ||
| 082 | _aPR 208 | ||
| 090 |
_c41293 _d41293 |
||
| 100 | _aUmar Arshad, Plt Off 16058 | ||
| 245 | _aDevelopment of fortran code to solve compressible flow over a flat plate at different AoA | ||
| 260 |
_aRisalpur _bNUST Rislapur _c2012 |
||
| 300 |
_av, 158p. _eKashif Mehmood |
||
| 500 | _aBE Project Reports | ||
| 942 |
_aCAE NUST _kPR 208 |
||
| 999 |
_c322904 _d322904 |
||